| 000 | 00531nam a2200205Ia 4500 | ||
|---|---|---|---|
| 003 | OSt | ||
| 005 | 20250307140948.0 | ||
| 008 | 210210b1963 xxu||||| |||| 00| 0 eng d | ||
| 040 | _cAL | ||
| 041 | _ahin | ||
| 082 | _aH891.1 SHAM | ||
| 100 |
_aSHARAN (Raghubir): _9204843 |
||
| 110 |
_aशरण रघुबीर _9204844 |
||
| 245 |
_aMahapurush; _bमहापुरुष |
||
| 260 |
_aMeerat _bBharatiy Sahity Prakashana _c1963 |
||
| 300 | _a48 | ||
| 690 |
_aHindi Poetry _9204845 |
||
| 906 | _a029949 | ||
| 942 |
_2ddc _cBK |
||
| 999 |
_c81147 _d81147 |
||